LEADER 01445nam 2200397 n 450 001 996388032503316 005 20221108083303.0 035 $a(CKB)1000000000631604 035 $a(EEBO)2240888521 035 $a(UnM)99842032 035 $a(EXLCZ)991000000000631604 100 $a19910423d1581 uy | 101 0 $aeng 135 $aurbn||||a|bb| 200 10$a1581. Dauids sling against great Goliah$b[electronic resource] $econteining diuers notable treatises, the names whereof follow next after the epistle to the reader: by E.H 210 $a[London] $cPrinted by Henrie Denham. Cum priuilegio Regiæ Maiestatis$d[1581] 215 $a[12], 336, [12] p 300 $aE.H. = Edward Hutchins. Misattributed to Edward Hake. 300 $aEditor's dedication signed: William Baker. 300 $aDate appears at head of title. 300 $aWith four final contents leaves, followed by a colophon leaf, followed by a blank. 300 $aReproduction of the original in the Henry E. Huntington Library. 330 $aeebo-0113 606 $aPrayers 615 0$aPrayers. 700 $aHutchins$b Edward$f1558?-1629.$01003438 701 $aBaker$b William$fb. 1585 or 6.$01003906 801 0$bCu-RivES 801 1$bCu-RivES 801 2$bUk-ES 801 2$bCStRLIN 801 2$bWaOLN 906 $aBOOK 912 $a996388032503316 996 $a1581. Dauids sling against great Goliah$92342533 997 $aUNISA LEADER 01147nam0 22002891i 450 001 UON00280218 005 20231205103833.853 010 $a96-16-35881-2 100 $a20060802d2003 |0itac50 ba 101 $aslv 102 $aSI 105 $a||||e ||||| 200 1 $aSlovar sinonimov slovenskega jezika$esplo?na dolo?ila in opis zgradbe slovarskih sestavkov z vzro?no predstavitvijo$fMartin Ahlin...[et al.] 210 $aLjubljana$cZRC SAZU ; Zalo?ba ZRC$d2003 215 $a46 p.$d24 cm. 606 $aLINGUA SLOVENA $xSINONIMI$xDIZIONARI$3UONC060270$2FI 620 $aSI$dLubiana$3UONL002905 676 $a491.84$cLingua slovena$v21 702 1$aALHIN$bMartin$3UONV162399 712 $aZalo?ba ZRC$3UONV269792$4650 712 $aZRC SAZU$3UONV270905$4650 801 $aIT$bSOL$c20240220$gRICA 899 $aSIBA - SISTEMA BIBLIOTECARIO DI ATENEO$2UONSI 912 $aUON00280218 950 $aSIBA - SISTEMA BIBLIOTECARIO DI ATENEO$dSI SLOVENO D 0055 $eSI EO 38537 5 0055 996 $aSlovar sinonimov slovenskega jezika$91247151 997 $aUNIOR